हिंदी पत्रकारिता :आधुनिक संदर्भ (Record no. 7105)

MARC details
000 -LEADER
fixed length control field 01114 a2200229 4500
005 - DATE AND TIME OF LATEST TRANSACTION
control field 20190403124833.0
008 - FIXED-LENGTH DATA ELEMENTS--GENERAL INFORMATION
fixed length control field 080912t xxu||||| |||| 00| 0 hin d
010 ## - LCCN (DPL NO)
LC control number HIN-80796 B-284900
020 ## - INTERNATIONAL STANDARD BOOK NUMBER
International Standard Book Number 8185999872
Terms of availability 375.00
035 ## - SYSTEM CONTROL NUMBER
System control number HN-53142 B-284900
035 ## - SYSTEM CONTROL NUMBER
System control number B-242900, B-242902
037 ## - SOURCE OF ACQUISITION
Source of stock number/acquisition D.B.Act / pub
082 ## - DEWEY DECIMAL CLASSIFICATION NUMBER
Classification number 070.4
100 ## - MAIN ENTRY--PERSONAL NAME
Personal name मिश्र, देवप्रकाश
9 (RLIN) 40458
245 ## - TITLE STATEMENT
Title हिंदी पत्रकारिता :आधुनिक संदर्भ
Statement of responsibility, etc देवप्रकाश मिश्र
246 ## - VARYING FORM OF TITLE
Title proper/short title Hindi patrakarita: Aadhunik sandrabh
Remainder of title by-Devparkash Mishra
260 ## - PUBLICATION, DISTRIBUTION, ETC. (IMPRINT)
Place of publication, distribution, etc दिल्ली
Name of publisher, distributor, etc स्वराज प्रकाशन
Date of publication, distribution, etc 2007
270 ## - ADDRESS
Address 4697/3, 21ए, अंसारी रोड, दरियागंज
City दिल्ली
Postal code 110002
300 ## - PHYSICAL DESCRIPTION
Extent 185पृ
Dimensions 22 सेमी (सजिल्द)
942 ## - ADDED ENTRY ELEMENTS (KOHA)
Institution code [OBSOLETE] dpl
Item type Hindi Books
Call number prefix 070.4 / मिश्रदे
Source of classification or shelving scheme Dewey Decimal Classification
Classification part 070.4
Call number suffix मिश्रदे
Holdings
Withdrawn status Lost status Damaged status Not for loan Home library Current library Date acquired Cost, normal purchase price Total Checkouts Full call number Barcode Date last seen Copy number Cost, replacement price Koha item type Source of classification or shelving scheme Collection code Source of acquisition
        D.B.Act.Division D.B.Act.Division 12/09/2008 375.00   070.4 मिश्रदे HN-53142 15/09/2008 1 375.00 Hindi Books      
        Sarojini Nagar Sarojini Nagar 31/01/2012 375.00   070.4 मिश्रदे B-242900 31/01/2012   375.00 Hindi Books Dewey Decimal Classification Non-fiction  
        Shahdara Branch Shahdara Branch 03/04/2019 375.00 2 070.4 मिश्रदे B-242902 02/07/2020   375.00 Hindi Books Dewey Decimal Classification Non-fiction BPPD/PUB
        Vinoba Puri Vinoba Puri 01/10/2008 375.00 2 070.4 मिश्रदे B-284900 12/01/2021 1 375.00 Hindi Books Dewey Decimal Classification Non-fiction  

© Delhi Public Library
Hit Counter
free hit counter